| 000 | 00615nam a22001931a 4500 | ||
|---|---|---|---|
| 001 | 7324 | ||
| 003 | OSt | ||
| 005 | 20260204212126.0 | ||
| 008 | 071011s2005||||dr ||||||b||||||||||spa|| | ||
| 020 | _a9993486647 | ||
| 050 | _aRD 370.114 C894v | ||
| 245 | _aCuentos y valores: cuentos de Juan Bosch para formentar el desarrollo de la conciencia moral y ética / Angel R. Villarini Jusiro (Editor) | ||
| 264 | _aSanto Domingo : Búho | ||
| 300 | _a302 p | ||
| 500 | _aIncluye bibliografía | ||
| 650 | _aEducación Moral y Etica 2.Cuentos Dominicanaos | ||
| 700 | _aVillarini Jusiro, Angel R.Ì | ||
| 942 |
_2ddc _cBK |
||
| 999 |
_c7324 _d7324 |
||